000 01112cam a22002653a 4500
001 416
003 PGUSA
005 20140828082948.0
008 960201s1996||||xxu|||||s|||||000 1 eng d
040 _aPGUSA
_beng
042 _adc
050 4 _aPS
100 1 _aAnderson, Sherwood,
_d1876-1941
245 1 0 _aWinesburg, Ohio :
_bA Group of Tales of Ohio Small Town Life
_h[electronic resource] /
_cSherwood Anderson
260 _bProject Gutenberg,
_c1996
505 0 _aThe book of the grotesque -- Hands -- Paper pills -- Mother -- The philosopher -- Nobody knows -- Godliness -- A man of ideas -- Adventure -- Respectability -- The thinker -- Tandy -- The strength of God -- The teacher -- Loneliness -- An awakening -- "Queer" -- The untold lie -- Drink -- Death -- Sophistication -- Departure.
506 _aPublic domain in the USA.
516 _aElectronic text
653 _aPastoral fiction
653 _aCity and town life -- Fiction
653 _aOhio -- Social life and customs -- Fiction
830 0 _aProject Gutenberg
_v416
856 4 0 _uhttp://www.gutenberg.org/ebooks/416
942 _cEB
999 _c229767
_d229767